| 000 | 00406nam a2200145Ia 4500 | ||
|---|---|---|---|
| 008 | 230917s9999||||xx |||||||||||||| ||und|| | ||
| 040 |
_e138771 _aMAIN |
||
| 041 | _aEnglish | ||
| 082 | _a338.4791 D248D | ||
| 100 | _aSharpley, Richard | ||
| 245 | 0 | _aDarker side of travel: The theory and practice of bark tourism | |
| 260 |
_aBristol _bChannel View Publications _c2009 |
||
| 300 | _a275 p. | ||
| 942 | _cBK | ||
| 999 |
_c152844 _d152844 |
||